[Event "ARG-ch (Women) 74th"]
[Site "Buenos Aires"]
[Date "2023.11.25"]
[Round "6"]
[White "Garbero, Ana Carolina"]
[Black "Herrera, Lara"]
[Result "0-1"]
[WhiteElo "1196"]
[BlackElo "1391"]
[PlyCount "60"]
[EventDate "2023.11.20"]
[EventType "swiss"]
[EventRounds "9"]
[EventCountry "ARG"]
[SourceTitle "CB49_2023"]
[SourceDate "2023.12.06"]
[SourceVersion "1"]
[SourceVersionDate "2023.12.06"]
[SourceQuality "1"]

1. d4 Nf6 2. e3 g6 3. Bd3 Bg7 4. Nd2 d6 5. f4 Nbd7 6. Ngf3 0-0 7. 0-0 Re8 8. c3 e5 9. Ng5 Nd5 10. Nc4 b5 11. Be4 N7f6 12. Qf3 Bg4 13. Qg3 Be2 14. fxe5 Nxe4 15. Nxe4 Bxf1 16. Ncd2 Bd3 17. Ng5 h6 18. Nxf7 Kxf7 19. Qf3+ Nf6 20. exf6 Qxf6 21. Qd5+ Qe6 22. Qf3+ Kg8 23. Nb3 Rf8 24. Qd1 Qf5 25. Nd2 Qf2+ 26. Kh1 Be2 27. Qg1 Rae8 28. Qxf2 Rxf2 29. Kg1 Rf5 30. Nb3 Rf1# 0-1

[Event "ARG-ch (Women) 74th"]
[Site "Buenos Aires"]
[Date "2023.11.20"]
[Round "1"]
[White "Semprevivo, Florencia"]
[Black "Garbero, Ana Carolina"]
[Result "1-0"]
[WhiteElo "1871"]
[BlackElo "1196"]
[PlyCount "29"]
[EventDate "2023.11.20"]
[EventType "swiss"]
[EventRounds "9"]
[EventCountry "ARG"]
[SourceTitle "CB49_2023"]
[SourceDate "2023.12.06"]
[SourceVersion "1"]
[SourceVersionDate "2023.12.06"]
[SourceQuality "1"]

1. e4 c6 2. d3 d5 3. Nd2 dxe4 4. dxe4 e5 5. Ngf3 Bg4 6. Bc4 Nh6 7. h3 Bh5 8. g4 Nxg4 9. hxg4 Bxg4 10. Bxf7+ Kxf7 11. Nxe5+ Kg8 12. Qxg4 Qf6 13. Ndf3 Bd6 14. Bg5 Qd8 15. Qe6+ 1-0